Statistiques concernant Culture Générale - Série 1325

Cliquez ici pour prendre le quiz!

Statistiques générales

  • Ce quiz a été pris 38 fois
  • Le résultat moyen est 5 sur 10

Statistiques - réponses

QuestionRéponse% Correct
Un chèque émis alors que le signataire n'a pas sur son compte une somme suffisante est appelé "chèque sans...provision
86%
Quel mot dérivé du nom d'une couleur, désigne une maladie aussi appelée ictère ?jaunisse
81%
A quel pays appartient l'île d'Eubée ?Grèce
67%
Quelle est l'étoile la plus proche de la Terre ?soleil
61%
En électroacoustique, quelle est l'unité de mesure de la fréquence ?hertz
56%
Quel écrivain, prénommé Jean-Christophe, est l'auteur du roman "Les Rivières pourpres", publié en 1998 ?Jean-Christophe Grangé
33%
En 1988, quel chanteur français interprète “Ambalaba” ?Maxime Le Forestier
25%
Quel roi imposa l'usage du français dans les actes officiels et de justice ?François Ier
17%
Qui est l'auteur de la comédie en prose "Fantasio", en 1834 ?Alfred de Musset
14%
Comment appelle-t-on les habitants de Bourges ?Berruyers
11%

Distribution des résultats

Percentile par nombre de réponses

% des personnes avec chaque résultat

Votre développement - résultats

Vous n’avez pas pris ce quiz